| 000 | 00671nam a22001577a 4500 | ||
|---|---|---|---|
| 005 | 20250818092551.0 | ||
| 008 | 250818b |||||||| |||| 00| 0 eng d | ||
| 050 |
_aTHE HF 5616 .N35 2006 _bC.1 |
||
| 100 | _aWaweru, Peter Ndirangu | ||
| 245 | _aA Study of the Kenyan Private Businesses Sector: Effects of Successful Implementation of Enterprise Resource Planning (ERP) on Performance | ||
| 260 |
_aKisii _bKisii University _c2006 |
||
| 300 | _avii, 53p.:ill. | ||
| 500 | _aIncludes bibliographical references | ||
| 650 | _a1. Enterprise resource planning—Kenya. 2. Organizational effectiveness—Kenya. 3. Management information systems—Kenya. | ||
| 942 |
_2lcc _cREF |
||
| 999 |
_c216041 _d216041 |
||